Tulane Basketball: Top 10 All-Time Leaders - Statistics

General Stats
  • This quiz has been taken 1 time
    0 since last reset
  • The average score is 0 of 92
Answer Stats
Category # Player Amount % Correct
Points Per Game 5 Al Andrews 18.7
0%
Points 2 Anthony Reed 1,896
0%
Rebounds 3 Anthony Reed 871
0%
Steals 10 Anthony Reed 166
0%
Blocks T10 Anthony Reed 95
0%
Field Goal Percent 8 Anthony Reed 48.8%
0%
Games T6 Asim McQueen 122
0%
Blocks 8 Blake Paul 104
0%
Games T6 Blake Paul 122
0%
Rebounds 7 Bob Davidson 732
0%
Field Goal Percent 6 Brandon Brown 51.6%
0%
Assists 8 Brandon Spann 349
0%
Three Pointers Made 6 Brandon Spann 165
0%
Three Pointers Made T3 Cameron Reynolds 193
0%
Games 1 Cameron Reynolds 135
0%
Three Pointers Made 9 Chris Moore 142
0%
Games T6 Correy Childs 122
0%
Games T10 Daniel Puckett 121
0%
Blocks 5 David Gomez 145
0%
Field Goal Percent 7 David Gomez 51.6%
0%
Blocks 6 Donnie Stith 142
0%
Steals 3 G.J. Hunter 230
0%
Assists 6 Greg Gary 370
0%
Points T4 Hot Rod Williams 1,849
0%
Rebounds 5 Hot Rod Williams 809
0%
Blocks 1 Hot Rod Williams 192
0%
Field Goal Percent 3 Hot Rod Williams 54.9%
0%
Points Per Game 10 Hot Rod Williams 16.1
0%
Rebounds 9 Jack Ardon 720
0%
Three Pointers Made 5 Jay Hook 188
0%
Points T4 Jaylen Forbes 1,849
0%
Steals 9 Jaylen Forbes 171
0%
Three Pointers Made 1 Jaylen Forbes 296
0%
Points Per Game 9 Jaylen Forbes 16.4
0%
Points Per Game 4 Jeff Cummings 19.5
0%
Points 1 Jerald Honeycutt 2,209
0%
Rebounds 4 Jerald Honeycutt 870
0%
Assists 1 Jerald Honeycutt 419
0%
Steals 2 Jerald Honeycutt 235
0%
Blocks 4 Jerald Honeycutt 163
0%
Three Pointers Made T3 Jerald Honeycutt 193
0%
Points Per Game 7 Jerald Honeycutt 17.7
0%
Games T4 Jerald Honeycutt 125
0%
Points Per Game 1 Jim Kerwin 22.2
0%
Points 9 Johnny Arthurs 1,501
0%
Field Goal Percent 10 Johnny Arthurs 48.3%
0%
Points Per Game 3 Johnny Arthurs 20.3
0%
Points Per Game 6 John Sutter 18.2
0%
Three Pointers Made 2 Jordan Callahan 217
0%
Points 7 Kevin Cross 1,517
0%
Rebounds 10 Kevin Cross 717
0%
Assists 4 Kevin Cross 394
0%
Assists 3 Kevin Sims 412
0%
Three Pointers Made 7 Kevin Sims 164
0%
Blocks T10 Kevin Thomas 95
0%
Steals 1 Kim Lewis 242
0%
Games T6 Kim Lewis 122
0%
Steals 8 Kris Richard 186
0%
Three Pointers Made 10 Kris Richard 138
0%
Blocks 2 Lawrence Nelson 181
0%
Rebounds 8 Ledaryl Billingsley 722
0%
Field Goal Percent 9 Ledaryl Billingsley 48.5%
0%
Points 10 LeVeldro Simmons 1,473
0%
Assists 7 LeVeldro Simmons 353
0%
Steals 6 LeVeldro Simmons 193
0%
Games T4 LeVeldro Simmons 125
0%
Blocks 9 Linton Johnson 99
0%
Three Pointers Made 8 Louis Dabney 148
0%
Games 2 Louis Dabney 131
0%
Points 3 Paul Thompson 1,851
0%
Rebounds 1 Paul Thompson 903
0%
Points Per Game 8 Paul Thompson 16.5
0%
Points 6 Phil Hicks 1,586
0%
Rebounds 2 Phil Hicks 895
0%
Field Goal Percent 4 Phil Hicks 52.2%
0%
Points Per Game 2 Phil Hicks 21.1
0%
Assists 5 Pointer Williams 392
0%
Steals 4 Pointer Williams 196
0%
Blocks 3 Quincy Davis 165
0%
Field Goal Percent 1 Quincy Davis 57.7%
0%
Points 8 Rayshard Allen 1,505
0%
Rebounds 6 Rayshard Allen 761
0%
Field Goal Percent 2 Rayshard Allen 57.3%
0%
Blocks 7 Robinson Louisme 117
0%
Games T10 Ryan Smith 121
0%
Assists 9 Sion James 337
0%
Steals 7 Sion James 187
0%
Field Goal Percent 5 Terry Habig 52.1%
0%
Games 3 Tre Drye 130
0%
Assists 2 Waitari Marsh 416
0%
Steals 5 Waitari Marsh 194
0%
Assists 10 Wayne Tinsley 320
0%
No matching quizzes found
Score Distribution
Percent of People with Each Score
Percentile by Number Answered
Your Score History
You have not taken this quiz since the last reset